| 000 | 01330nam a2200325 c 4500 | ||
|---|---|---|---|
| 003 | BLK | ||
| 005 | 20180420214803.0 | ||
| 008 | 180412b bul|||||r ||||||| ||bul|| | ||
| 010 | _aKNG00014400000 | ||
| 020 |
_a954-8750-04-Х _bиздат.: Линде - на том |
||
| 040 | _aBLK | ||
| 041 |
_aBUL _cBUL |
||
| 080 |
_aФорми на предприятията в зависимост от отношението към собствеността... _b334.72 _x.003.1(038.1) _z334.72.003.1(038.1) |
||
| 100 | 1 |
_aХахе, Ернст _eпърви автор _9136555 |
|
| 700 | 1 |
_aЗандер, Хайнц _eсъавт. _9257781 |
|
| 139 |
_aХахе, Ернст и др. _bХ 33 |
||
| 245 | 1 | 0 |
_aИкономика на предприятието _bЛексикон : Ч. 1 - _cЕрнст Хахе; съавт. Хайнц Зандер. _nЧ. 1 |
| 257 | _aDEU | ||
| 260 |
_аСофия _c1996 - |
||
| 300 | _c20 см | ||
| 380 | _a3 | ||
| 650 | 4 |
_aСтопански предприятия - икономика и организация - терминология _9257782 |
|
| 653 | _aикономика | ||
| 760 | 1 |
_3- на том _aХахе, Ернст _dЛинде, 1996 _h152 с. : с ил. _tЧ. 1 |
|
| 852 | _aЦб 190394 | ||
| 856 | 4 |
_qpdf _u |
|
| 856 | 4 |
_qpdf _u |
|
| 942 |
_cKNG _n0 |
||
| 944 |
_aCR _c15.01.2003 _kAB_DOS |
||
| 944 |
_aED _c15.01.2003 _k |
||
| 999 |
_c12788 _d12788 |
||